000
00311nam a2200109Ia 4500
008
171211s9999 xx 000 0 und d
245
_a
Historical Dictionary of Tennis
245
_c
John Grasso
260
_c
2011
650
_x
Encyclopedia and Dictionary
856
_u
http://down.ebook777.com/057/0810872374.pdf
999
_c
350172
_d
350172